| 000 | 00589nam a22001937a 4500 | ||
|---|---|---|---|
| 003 | OSt | ||
| 005 | 20150415125224.0 | ||
| 008 | 150415b xxu||||| |||| 00| 0 eng d | ||
| 040 | _cDNLM | ||
| 082 | _aWN 445 G869r 1959 | ||
| 100 |
_aGruelich William _93841 |
||
| 245 |
_aRadiographic atlas of skeletal development of the hand and wrist / _cWilliam Walter Greulich, S. Idell Pyle |
||
| 250 | _a2nd ed. | ||
| 260 |
_aLondon : _bOxford University Press ; _c1959. |
||
| 300 |
_axvi, 256 p : _bill; _c30 cm |
||
| 650 |
_aRadiography _93842 |
||
| 700 |
_aPyle S. Idell _93843 |
||
| 942 |
_2z _cSLOAN |
||
| 999 |
_c1457 _d1457 |
||